ADIVINA EL PAÍS: ASIA - Estadísticas

Estadísticas generales
  • Esta prueba ha sido intentada 21 veces
  • La puntuación promedio es 26 de 27
Respuestas en el mapa
Las respuestas están codificadas por una escala verde-roja en el mapa de la prueba según el % correcto abajo.
 
Estadísticas de respuestas
Respuesta % Correcto
Arabia Saudí
100%
China
100%
Corea del Sur
100%
Emiratos Árabes Unidos
100%
Filipinas
100%
India
100%
Indonesia
100%
Japón
100%
Kazajistán
100%
Laos
100%
Mongolia
100%
Omán
100%
Palestina
100%
Rusia
100%
Siria
100%
Sri Lanka
100%
Turquía
100%
Afganistán
94%
Camboya
94%
Corea del Norte
94%
Irán
94%
Iraq
94%
Israel
94%
Pakistán
94%
Tailandia
94%
Vietnam
94%
Yemen
89%
No se encontraron pruebas coincidentes
Distribución de puntuación
Porcentaje de gente con cada puntuación
Porcentaje por número respondido
Historial de tus puntuaciones
No has intentado esta prueba.